|
|
|
|
| LEADER |
00000cam a2200000 7i4500 |
| 001 |
0000030809 |
| 005 |
20110318.0 |
| 008 |
110318 |
| 020 |
|
|
|a 9831243251
|
| 090 |
0 |
0 |
|a 741.5
|b GAY
|
| 100 |
1 |
|
|a Gayour
|
| 245 |
1 |
0 |
|a Melukis kartun cara Gayour
|c Gayour
|
| 260 |
|
|
|a Selangor :
|b Alaf 21 ,
|c 2008
|
| 650 |
|
0 |
|a Cartooning
|x Technique
|
| 999 |
|
|
|a 0001059860
|b Book
|c Adult Collection
|e Cawangan Urban Transformation Centre
|
| 999 |
|
|
|a 0001059861
|b Book
|c Adult Collection
|e Perbadanan Perpustakaan Awam Johor
|
| 999 |
|
|
|a 0001059862
|b Book
|c Adult Collection
|e Perbadanan Perpustakaan Awam Johor
|
| 999 |
|
|
|a 0001059863
|b Book
|c Adult Collection
|e Cawangan Urban Transformation Centre
|